Pokémon anhand von Bilder, auf denen sie basieren, erraten 5 - Statistiken

Allgemein
  • Dieses Quiz wurde 200 mal gespielt
  • Das Durchschnittsergebnis liegt bei 19 aus 36
Antwortstatistiken
Bildquiz Antwort % Korrekt
Elezeba, Zebritz
86%
Lichtel
86%
Dusselgurr, Navitaub
81%
Rotomurf, Stalobor
81%
Klikk, Kliklak, Klikdiklak
78%
Karadonis
74%
Echnatoll
72%
Petznief, Siberio
72%
Emolga
70%
Waumboll, Elfun
70%
Jiutesto
68%
Skelabra
68%
Trikephalo
66%
Unratütox, Deponitox
66%
Flunschlik
56%
Geronimatz, Washakwil
56%
Fermicula
53%
Praktibalk, Strepoli, Meistagrif
52%
Zapplalek, Zapplarang
52%
Mollimorba, Hypnomorba, Morbitesse
51%
Furnifraß
50%
Zapplardin
50%
Flampion, Flampivian
44%
Picochilla, Chillabell
40%
Pygraulon, Megalon
38%
Laternecto
37%
Boreos
35%
Voltolos
35%
Ramoth
32%
Kobalium
29%
Viridium
29%
Terrakium
28%
Demeteros
25%
Flapteryx, Aeropteryx
17%
Keldeo
17%
Somniam, Somnivora
15%
Keine übereinstimmenden Quizze gefunden
Verteilung der Resultate
Anzahl Personen mit jedem Resultat
Perzentil nach korrekt beantworteten Fragen
Ihre Resultats-Entwicklung
Sie haben dieses Quiz noch nicht gespielt